Wisdom of the West; (Record no. 1274)

MARC details
000 -LEADER
fixed length control field 00649cam a22002051 4500
005 - DATE AND TIME OF LATEST TRANSACTION
control field 20260322212054.0
008 - FIXED-LENGTH DATA ELEMENTS--GENERAL INFORMATION
fixed length control field data
010 ## - LIBRARY OF CONGRESS CONTROL NUMBER
LC control number 59011326
040 ## - CATALOGING SOURCE
Original cataloging agency DLC
Transcribing agency DLC
Modifying agency DLC
050 00 - LIBRARY OF CONGRESS CALL NUMBER
Classification number B72
Item number .R83 1959a
082 00 - DEWEY DECIMAL CLASSIFICATION NUMBER
Classification number 190
092 ## - LOCALLY ASSIGNED DEWEY CALL NUMBER (OCLC)
Classification number 190 R83 1959a
001 - CONTROL NUMBER
control field data
245 00 - TITLE STATEMENT
Title Wisdom of the West;
Remainder of title a historical survey of Western philosophy in its social and political setting.
Statement of responsibility, etc. edited by Bertrand Russell.
260 ## - PUBLICATION, DISTRIBUTION, ETC.
Place of publication, distribution, etc. Garden City, N.Y.,
Name of publisher, distributor, etc. Doubleday
Date of publication, distribution, etc. [1959]
300 ## - PHYSICAL DESCRIPTION
Extent 320 p.
Other physical details illus. (part col.) ports, maps.
Dimensions 28 cm.
650 #0 - SUBJECT ADDED ENTRY--TOPICAL TERM
Topical term or geographic name entry element Philosophy
General subdivision History.
650 #0 - SUBJECT ADDED ENTRY--TOPICAL TERM
Topical term or geographic name entry element Philosophy
General subdivision Pictorial works.
700 1# - ADDED ENTRY--PERSONAL NAME
Personal name Russell, Bertrand,
Dates associated with a name 1872-1970.
Holdings
Withdrawn status Lost status Damaged status Not for loan Home library Current library Shelving location Date acquired Total checkouts Full call number Barcode Date last seen Price effective from Koha item type
        Fairfield Fairfield General stacks 22/03/2026   190 BC0011317 22/03/2026 22/03/2026 Books